Արագիլը : (Record no. 81223)
[ view plain ]
| 000 -LEADER | |
|---|---|
| fixed length control field | 00703nam a2200181 u 4500 |
| 001 - CONTROL NUMBER | |
| control field | 000230547 |
| 003 - CONTROL NUMBER IDENTIFIER | |
| control field | AM-YeHGA |
| 005 - DATE AND TIME OF LATEST TRANSACTION | |
| control field | 20250618071550.0 |
| 008 - FIXED-LENGTH DATA ELEMENTS--GENERAL INFORMATION | |
| fixed length control field | 030602s1946 ai r 000 0 arm d |
| 040 ## - CATALOGING SOURCE | |
| Original cataloging agency | AM-YeHGA |
| 090 ## - LOCALLY ASSIGNED LC-TYPE CALL NUMBER (OCLC); LOCAL CALL NUMBER (RLIN) | |
| -- | 82491 |
| 100 1# - MAIN ENTRY--PERSONAL NAME | |
| Personal name | Մկրտչյան, Հարություն Գաբրիելի, |
| Dates associated with a name | 1903-1992 |
| 9 (RLIN) | 1865 |
| 245 10 - TITLE STATEMENT | |
| Title | Արագիլը : |
| Remainder of title | [Պատմվածք] / |
| Statement of responsibility, etc. | Հ. Մկրտչյան; Նկ.՝ Ս. Ստեփանյան. |
| 260 ## - PUBLICATION, DISTRIBUTION, ETC. | |
| Place of publication, distribution, etc. | Երևան : |
| Name of publisher, distributor, etc. | Հայպետհրատ, |
| Date of publication, distribution, etc. | 1946. |
| 300 ## - PHYSICAL DESCRIPTION | |
| Extent | 10 էջ : |
| Other physical details | նկ. ; |
| Dimensions | 21 սմ. |
| 650 14 - SUBJECT ADDED ENTRY--TOPICAL TERM | |
| Topical term or geographic name entry element | Մանկական գրականություն |
| General subdivision | Պատմվածք |
| 700 1# - ADDED ENTRY--PERSONAL NAME | |
| Personal name | Ստեփանյան, Սուրեն Շավարշի, |
| Dates associated with a name | 1915-1977 |
| Relator term | նկ. |
| Relationship | art |
| 9 (RLIN) | 1781 |
| Withdrawn status | Lost status | Damaged status | Not for loan | Collection | Home library | Current library | Date acquired | Total checkouts | Full call number | Barcode | Date last seen | Price effective from | Koha item type | Public note | Cost, replacement price |
|---|---|---|---|---|---|---|---|---|---|---|---|---|---|---|---|
| General | Fundamental Scientific Library | Fundamental Scientific Library | 22/12/2016 | AII/30741 | 220030741 | 22/12/2016 | 22/12/2016 | Գրքեր / Books | 30 Days Loan | ||||||
| General | Fundamental Scientific Library | Fundamental Scientific Library | 22/12/2016 | AII/30742 | 220030742 | 22/12/2016 | 22/12/2016 | Գրքեր / Books | 30 Days Loan | ||||||
| General | Fundamental Scientific Library | Fundamental Scientific Library | 22/12/2016 | AII/30743 | 220030743 | 22/12/2016 | 22/12/2016 | Գրքեր / Books | 30 Days Loan | ||||||
| General | Fundamental Scientific Library | Fundamental Scientific Library | 22/12/2016 | AII/23226 | FL0003802 | 22/12/2016 | 22/12/2016 | Գրքեր / Books | 30 Days Loan | 3.00 |
ՀՀ Գիտությունների ազգային ակադեմիայի հիմնարար գիտական գրադարան = Fundamental Scientific Library of NAS RA
All site content, except where otherwise noted, is licensed under a